00410ntaaa2200157 45000030003000000050017000030080021000200400037000410820017000781000021000952450032001162500042001483000011001906500030002017000021002310120251027201258.00714s1973 ag 01  aAR-BaBNbspacAR-BaBNeaacrdRIC a221.0000 W49 aWerner, Elsa J.  aGolden Bible, Old Testament a1 ed. : bSimon and Schuster, cc/946 a124 p. aBiblia-Antiguo Testamento aRojankovsky, F.